Guatemala: plan piloto para el continente

Gespeichert in:
Bibliographische Detailangaben
1. Verfasser: Jonas Bodenheimer, Susanne
Format: Text
Veröffentlicht: San José: EDUCA
Tags: Tag hinzufügen
Keine Tags, Fügen Sie den ersten Tag hinzu!

MARC

LEADER 00000 a a2200000 04500
001 22661
003
040
020 |a 84-8390-241-5  
090 |a 155300  
100 |a Jonas Bodenheimer, Susanne  
245 |a Guatemala: plan piloto para el continente  
260 |a San José:   |b EDUCA  
300 |a 430 p.  
999 |c 15898  |d 15898